[Event "Mazowiecki Festiwal Szachowy - gr. A"]
[Site "Grodzisk Mazowiecki"]
[Date "2007.07.24"]
[Round "5"]
[White "Gasanov, Eldar"]
[Black "Melkumyan, Hrant"]
[Result "1/2-1/2"]
[WhiteElo "2499"]
[BlackElo "2399"]

1. d4 Nf6 2. c4 e6 3. Nc3 Bb4 4. Qc2 d5 5. a3 Bxc3+ 6. Qxc3 Ne4 7. Qc2 c5
8. dxc5 Nc6 9. e3 Qa5+ 10. Bd2 Nxd2 11. Qxd2 dxc4 12. Bxc4 Qxc5 13. Rc1 Qg5
14. f4 Qh4+ 15. Qf2 Qxf2+ 16. Kxf2 Bd7 17. Nf3 Ke7 18. g4 Rac8 19. Bd3 h6
20. Be4 Rhd8 21. b4 Be8 22. h4 b6 23. Rc3 a5 24. Rhc1 Na7 25. bxa5 Rxc3 26.
Rxc3 Nb5 27. Rb3 bxa5 28. Bc2 Rc8 29. Bd3 Nd6 30. Nd2 Ba4 31. Rb6 Bc2 32.
Ke2 h5 33. gxh5 f5 34. Ra6 Rc3 35. Bxc2 Rxc2 36. Kd1 Rc3 37. Ke2 Rc2 38.
Kd1 Rc3 39. Ra7+ Kf8 40. Ra6 Ke7 1/2-1/2

[Event "Mazowiecki Festiwal Szachowy - gr. A"]
[Site "Grodzisk Mazowiecki"]
[Date "2007.07.24"]
[Round "5"]
[White "Sulskis, Sarunas"]
[Black "Llaneza Vega, Marcos"]
[Result "1/2-1/2"]
[WhiteElo "2537"]
[BlackElo "2438"]

1. e4 e6 2. d4 d5 3. Nc3 Nc6 4. Bb5 Bb4 5. Ne2 dxe4 6. O-O Nf6 7. Bg5 Be7
8. Bxf6 Bxf6 9. Nxe4 Be7 10. Bxc6+ bxc6 11. Nf4 O-O 12. Re1 Rb8 13. b3 g5
14. Ne2 f5 15. Nc5 e5 16. c3 Bxc5 17. dxc5 f4 18. c4 Qe7 19. Nc3 Bf5 20.
Ne4 g4 21. Qe2 Rbd8 22. Rad1 Rxd1 23. Rxd1 Rd8 24. Nc3 e4 25. g3 Rxd1+ 26.
Qxd1 e3 27. gxf4 exf2+ 28. Kxf2 Qh4+ 29. Ke3 Qe7+ 30. Kf2 Qh4+ 31. Ke3 Qe7+
32. Kf2 1/2-1/2

[Event "Mazowiecki Festiwal Szachowy - gr. A"]
[Site "Grodzisk Mazowiecki"]
[Date "2007.07.24"]
[Round "5"]
[White "Strzemiecki, Zbigniew"]
[Black "Malaniuk, Vladimir"]
[Result "1/2-1/2"]
[WhiteElo "2306"]
[BlackElo "2522"]

1. e4 e5 2. Nf3 Nc6 3. Bb5 a6 4. Bxc6 dxc6 5. O-O Qf6 6. d4 exd4 7. Bg5 Qd6
8. Nxd4 Be7 9. Bxe7 Nxe7 10. Nc3 Bd7 11. Nb3 O-O-O 12. Qe2 Ng6 13. Rad1 Qe7
14. Qe3 Kb8 15. Nc5 Bc8 16. Rxd8 Rxd8 17. Rd1 Rd6 18. Rxd6 cxd6 19. Nd3 f5
20. Qb6 Qc7 21. Qd4 Be6 22. exf5 Bxf5 23. Nd1 Bxd3 24. Qxd3 d5 25. Qd4 Nf4
26. Qe3 Qd6 27. g3 Ne6 28. Qd3 g6 29. Ne3 Qb4 30. b3 Nc5 31. Qd1 Qe4 32. h4
d4 33. Nc4 d3 34. cxd3 Nxd3 35. Nd2 Qd5 1/2-1/2

[Event "Mazowiecki Festiwal Szachowy - gr. A"]
[Site "Grodzisk Mazowiecki"]
[Date "2007.07.24"]
[Round "5"]
[White "Sergeev, Vladimir"]
[Black "Lagowski, Patryk"]
[Result "1/2-1/2"]
[WhiteElo "2488"]
[BlackElo "2335"]

1. e4 c5 2. d3 Nc6 3. g3 d5 4. Nd2 Nf6 5. Bg2 dxe4 6. dxe4 e5 7. Ngf3 b6 8.
O-O Ba6 9. Re1 Be7 10. c3 O-O 11. Qa4 Qc8 12. Bf1 Bxf1 13. Nxf1 a6 14. Bg5
b5 15. Qc2 Nd7 16. h4 f6 17. Bd2 c4 18. Ne3 Nc5 19. Nd5 Qg4 20. Nh2 Qg6 21.
b3 Rad8 22. bxc4 bxc4 23. Nxe7+ Nxe7 24. Bc1 Nd3 25. Re2 f5 26. Bg5 f4 27.
Nf1 f3 28. Re3 Qe6 29. Nh2 Rb8 30. Bxe7 Qxe7 31. Rb1 Rxb1+ 32. Qxb1 Qa3 33.
Rxf3 Qxc3 34. Rxf8+ Kxf8 35. Qb8+ Ke7 36. Qb7+ Kd8 37. Nf3 Qb2 38. Qa8+ Kc7
39. Qa7+ Qb7 40. Qe3 Qb6 41. Qd2 h6 42. Qc2 Qc5 43. Kf1 c3 44. Ne1 Nb4 45.
Qb3 c2 46. Nxc2 Nxc2 47. Qf7+ Kb6 48. Qxg7 Qc4+ 49. Kg1 Qxe4 50. Qxh6+ Kb5
51. Qe6 Nd4 52. Qd7+ Kc4 53. Qa4+ Kc3 54. Qa5+ Kc2 55. Qa4+ Kb2 56. Qxa6
Nf3+ 57. Kf1 Nd2+ 58. Kg1 Nf3+ 59. Kf1 Nd2+ 1/2-1/2

[Event "Mazowiecki Festiwal Szachowy - gr. A"]
[Site "Grodzisk Mazowiecki"]
[Date "2007.07.24"]
[Round "5"]
[White "Urban, Klaudiusz"]
[Black "Socko, Monika"]
[Result "1/2-1/2"]
[WhiteElo "2481"]
[BlackElo "2479"]

1. d4 d6 2. e4 g6 3. g3 Bg7 4. Bg2 Nc6 5. Ne2 e5 6. Be3 Nf6 7. d5 Ne7 8. h3
O-O 9. c4 Nh5 10. Nbc3 f5 11. Qd2 a6 12. a4 Bd7 13. a5 Kh8 14. exf5 Nxf5
15. Bg5 Bf6 16. h4 Nfg7 17. Ne4 Qe7 18. f3 Ne8 19. Ra3 Bxg5 20. hxg5 c6 21.
Bh3 cxd5 22. cxd5 Bxh3 23. Rxh3 Rc8 24. Kf2 Rf7 25. Kg2 Qf8 26. g4 Nf4+ 27.
Nxf4 Rxf4 28. Rc3 Rxc3 29. bxc3 Rf7 30. Qe3 Rc7 31. Rh1 Qf7 32. Qd3 Qf4 33.
c4 Qf7 34. Rc1 Qd7 35. Qb3 Kg7 36. Ra1 Qd8 37. Ra4 Qc8 38. Rb4 Kf8 39. Kg3
Qd7 40. Qe3 Qc8 41. Qd3 Qd7 42. Qe2 Qf7 43. Qe3 Qd7 44. Kg2 Qc8 45. Qc3 Kg8
46. Qb3 Kf8 47. Qa4 Ke7 48. Kg3 Kf8 49. Kg2 Ke7 50. Qb3 Kf8 51. Qc3 Kf7 52.
c5 dxc5 53. Rc4 Re7 54. d6 Re6 55. Rxc5 Qd7 56. Rxe5 Rxe5 57. Qxe5 Qe6 58.
Qh8 Nxd6 59. Qxh7+ Kf8 60. Qh8+ Kf7 61. Qb8 Nxe4 62. Qxb7+ Kf8 63. Qxe4 Qd6
64. Qa8+ Kf7 65. Qb7+ Kf8 66. Qb2 Qd3 67. Qf6+ Ke8 68. Qc6+ Kf7 69. Kg3 Kg7
70. Qb7+ Kg8 71. Qe4 Qd6+ 72. Kh3 Kg7 73. Qe3 Kg8 74. f4 Qd5 75. Qe8+ Kh7
76. Qe7+ Kg8 77. Kg3 Qd3+ 78. Kh4 Qc2 79. Qd8+ Kh7 80. Qd7+ Kg8 81. Qd5+
Kh7 82. Kg3 Qc3+ 83. Kf2 Qb2+ 84. Ke3 Qc1+ 85. Ke4 Qe1+ 86. Kd4 Qa1+ 87.
Kd3 Qd1+ 88. Ke4 Qe1+ 89. Kd4 Qa1+ 90. Ke3 Qe1+ 91. Kd3 Qd1+ 92. Kc4 Qa4+
93. Kc3 Qa3+ 94. Kc2 Qa4+ 95. Qb3 Qe4+ 96. Kb2 Qd4+ 97. Kc2 Qf2+ 98. Kd3
Qf3+ 99. Kc2 Qf2+ 100. Kc3 Qe3+ 101. Kc2 Qf2+ 1/2-1/2

[Event "Mazowiecki Festiwal Szachowy - gr. A"]
[Site "Grodzisk Mazowiecki"]
[Date "2007.07.24"]
[Round "5"]
[White "Cyborowski, Lukasz"]
[Black "Staniszewski, Piotr"]
[Result "1-0"]
[WhiteElo "2560"]
[BlackElo "2402"]

1. Nf3 Nf6 2. g3 d5 3. Bg2 c6 4. O-O Bf5 5. d3 e6 6. c4 Bc5 7. Qb3 Qb6 8.
Qc2 dxc4 9. Qxc4 Nbd7 10. Nbd2 O-O 11. Qc2 Bxf2+ 12. Rxf2 Ng4 13. e3 Qxe3
14. Ne4 Qb6 15. h3 Nxf2 16. Qxf2 Qxf2+ 17. Kxf2 Rfd8 18. Bg5 f6 19. Be3 e5
20. b3 Nf8 21. g4 Bg6 22. Ke2 Ne6 23. Rc1 Bxe4 24. dxe4 Nf4+ 25. Bxf4 exf4
26. g5 Re8 27. Rc4 Rad8 28. gxf6 gxf6 29. Nh4 Rd5 30. Kf3 Rd2 31. Kxf4 Red8
32. a4 R8d3 33. a5 Rxb3 34. a6 Kf7 35. axb7 Rxb7 36. Rxc6 a5 37. Ra6 Ra2
38. Bf3 Rb3 39. Bh5+ Ke7 40. Nf5+ Kd8 41. Rxf6 a4 42. Bf7 Rf2+ 43. Ke5 Rb5+
44. Bd5 a3 45. Ra6 a2 46. Kd6 Rb8 47. Bxa2 Rg2 48. Be6 h5 49. h4 Rgb2 50.
Ke5 Kc7 51. Ra7+ Kb6 52. Rh7 Kc5 53. Rxh5 R2b6 54. Rh7 Rb5 55. h5 Rf8 56.
h6 Rb6 57. Rc7+ 1-0

[Event "Mazowiecki Festiwal Szachowy - gr. A"]
[Site "Grodzisk Mazowiecki"]
[Date "2007.07.24"]
[Round "5"]
[White "Grabarczyk, Miroslaw"]
[Black "Krysztofiak, Marcin"]
[Result "1/2-1/2"]
[WhiteElo "2482"]
[BlackElo "2414"]

1. d4 d5 2. c4 e6 3. Nf3 Nf6 4. g3 dxc4 5. Qa4+ Nbd7 6. Qxc4 a6 7. Bg2 b5
8. Qc6 Rb8 9. Bf4 Nd5 10. Bg5 Be7 11. Bxe7 Qxe7 12. Nc3 Qb4 13. O-O Nxc3
14. bxc3 1/2-1/2

[Event "Mazowiecki Festiwal Szachowy - gr. A"]
[Site "Grodzisk Mazowiecki"]
[Date "2007.07.24"]
[Round "5"]
[White "Sharapov, Evgeny"]
[Black "Piorun, Kacper"]
[Result "0-1"]
[WhiteElo "2437"]
[BlackElo "2359"]

1. e4 e6 2. d4 d5 3. Nc3 Bb4 4. e5 c5 5. a3 Bxc3+ 6. bxc3 Ne7 7. Nf3 Nbc6
8. a4 Qa5 9. Bd2 Bd7 10. Be2 f6 11. c4 Qc7 12. cxd5 Nxd5 13. exf6 gxf6 14.
c3 O-O-O 15. O-O Rhg8 16. Re1 e5 17. c4 Bh3 18. Bf1 Nb6 19. d5 Nxc4 20.
dxc6 Qxc6 21. g3 Bxf1 22. Rxf1 e4 23. Qb3 Qd5 24. Rfc1 Nxd2 25. Nxd2 Qxd2
26. Qe6+ Kb8 27. Qxe4 Qd4 28. Qf3 Rge8 29. a5 Qd6 30. a6 Qd5 31. Qf4+ Qe5
32. Qa4 b6 33. Rab1 Rc8 34. Rd1 Re7 35. Rb3 Qe4 36. Qa1 Qc6 37. Rbd3 c4 38.
Rd6 Re1+ 39. Rxe1 Qxd6 40. Qc3 b5 41. Ra1 b4 42. Rb1 b3 43. Ra1 Qc6 44. h4
Ka8 45. Ra5 Rd8 46. Ra1 Rb8 47. h5 b2 48. Rb1 Qxa6 49. Kh2 Qc6 50. Rxb2
Rxb2 51. Qxb2 c3 52. Qc2 h6 53. Kh3 a5 54. Kg4 a4 55. Kf5 Qc4 56. Kg6 a3
57. Kxh6 a2 58. Qc1 c2 59. Kg7 Qc3 0-1

[Event "Mazowiecki Festiwal Szachowy - gr. A"]
[Site "Grodzisk Mazowiecki"]
[Date "2007.07.24"]
[Round "5"]
[White "Gluszko, Tomasz"]
[Black "Kuzmicz, Krystian"]
[Result "0-1"]
[WhiteElo "2119"]
[BlackElo "2418"]

1. d4 e6 2. Nf3 c5 3. c4 cxd4 4. Nxd4 Nc6 5. g3 Nf6 6. Bg2 Bc5 7. e3 Qb6 8.
Nc3 O-O 9. Na4 Bb4+ 10. Bd2 Qa5 11. Nc3 Qc5 12. Qe2 Nxd4 13. exd4 Qxd4 14.
a3 Ba5 15. O-O d5 16. c5 Bd7 17. Be3 Qg4 18. f3 Qg6 19. Bd4 b6 20. f4 bxc5
21. Bxc5 Rfc8 22. Bd4 Bb6 23. Rad1 Rab8 24. f5 exf5 25. Nxd5 Nxd5 26. Bxd5
Bb5 27. Qe5 Bxd4+ 28. Qxd4 Bxf1 29. Kxf1 Qb6 30. Qe5 Qxb2 31. Qxf5 Rf8 0-1

[Event "Mazowiecki Festiwal Szachowy - gr. A"]
[Site "Grodzisk Mazowiecki"]
[Date "2007.07.24"]
[Round "5"]
[White "Stoma, Pawel"]
[Black "Nurkiewicz, Maciej"]
[Result "1-0"]
[WhiteElo "2233"]
[BlackElo "2411"]

1. e4 e5 2. Nf3 Nf6 3. Nxe5 d6 4. Nf3 Nxe4 5. d4 d5 6. Bd3 Bd6 7. O-O O-O
8. c4 c6 9. Nc3 Nxc3 10. bxc3 dxc4 11. Bxc4 Bg4 12. h3 Bh5 13. Be2 Re8 14.
Re1 Nd7 15. Be3 Qc7 16. Qb3 Nf6 17. c4 Rab8 18. Nh4 Bxe2 19. Rxe2 Ne4 20.
Rae1 Bh2+ 21. Kh1 Bf4 22. Bxf4 Qxf4 23. g3 Nxf2+ 24. Kg2 Rxe2 25. gxf4 Rxe1
26. Kxf2 Re4 27. Nf3 a6 28. Qb4 f6 29. Kg3 Re3 30. Kf2 Re4 31. a4 Kf7 32.
Qb1 Rxf4 33. Kg3 1-0

[Event "Mazowiecki Festiwal Szachowy - gr. A"]
[Site "Grodzisk Mazowiecki"]
[Date "2007.07.24"]
[Round "5"]
[White "Olszewski, Michal"]
[Black "Kukawski, Maciej"]
[Result "0-1"]
[WhiteElo "2409"]
[BlackElo "2251"]

1. e4 e5 2. Nf3 Nc6 3. Bb5 a6 4. Ba4 Nf6 5. O-O Be7 6. Re1 b5 7. Bb3 d6 8.
c3 O-O 9. h3 Na5 10. Bc2 c5 11. d4 Nd7 12. Nbd2 exd4 13. cxd4 Nc6 14. d5
Nce5 15. a4 b4 16. a5 g5 17. b3 Bf6 18. Ra2 Bg7 19. Nh2 Rb8 20. Nhf1 Rb5
21. Ne3 Rxa5 22. Rxa5 Qxa5 23. Nf5 Qc7 24. Qh5 Nf6 25. Qxg5 Bxf5 26. Qxf5
Re8 27. f4 Ng6 28. Nc4 Ne7 29. Qg5 Nexd5 30. e5 dxe5 31. fxe5 Nd7 32. Rd1
Nc3 33. Bxh7+ Kf8 34. Rf1 Nxe5 35. Ne3 Ne2+ 36. Kh1 Qd8 37. Nf5 Qxg5 38.
Bxg5 Re6 39. Bh4 Nd4 40. Bg3 Nxb3 41. Rd1 Nd4 42. Nxd4 cxd4 43. Rxd4 Nc6
44. Rd7 Be5 45. Bf2 Rf6 46. Bc5+ Kg7 47. Bd3 b3 48. Rb7 b2 49. Rb6 Na5 50.
Rb4 Rc6 51. Bg1 Rc1 52. Rg4+ Kf6 53. Ra4 Ra1 54. Rb4 Nc6 55. Rb6 Rxg1+ 0-1

[Event "Mazowiecki Festiwal Szachowy - gr. A"]
[Site "Grodzisk Mazowiecki"]
[Date "2007.07.24"]
[Round "5"]
[White "Szwed, Jacek"]
[Black "Czarnota, Dorota"]
[Result "1/2-1/2"]
[WhiteElo "2364"]
[BlackElo "2243"]

1. e4 c5 2. Nf3 d6 3. d4 Nf6 4. Nc3 cxd4 5. Nxd4 Nc6 6. g3 g6 7. Nde2 Bg7
8. Bg2 O-O 9. O-O Be6 10. Nd5 Rc8 11. Bd2 Ne5 12. Bc3 Nxd5 13. exd5 Bg4 14.
f3 Bf5 15. Kh1 Qb6 16. g4 Bd7 17. Bd4 Qc7 18. Nc3 1/2-1/2

[Event "Mazowiecki Festiwal Szachowy - gr. A"]
[Site "Grodzisk Mazowiecki"]
[Date "2007.07.24"]
[Round "5.18"]
[White "Winski, Lukasz"]
[Black "Adamski, Jan"]
[Result "1/2-1/2"]
[WhiteElo "2004"]
[BlackElo "2354"]
[PlyCount "53"]
[EventDate "2007.??.??"]

1. e4 c5 2. c3 d5 3. exd5 Qxd5 4. d4 Nf6 5. Nf3 e6 6. Be3 cxd4 7. cxd4 Bb4+ 8.
Nc3 O-O 9. Bd3 b6 10. O-O Bxc3 11. bxc3 Ba6 12. Ne5 Bxd3 13. Qxd3 Nc6 14. Nxc6
Qxc6 15. c4 Rac8 16. Rac1 Qd6 17. f3 Rc6 18. Rfd1 Rfc8 19. Qb3 h6 20. d5 R6c7
21. g3 Rd7 22. Bf4 Qe7 23. Re1 Qc5+ 24. Be3 Qd6 25. Bf4 Qc5+ 26. Be3 Qd6 27.
Bf4 1/2-1/2

[Event "Mazowiecki Festiwal Szachowy - gr. A"]
[Site "Grodzisk Mazowiecki"]
[Date "2007.07.24"]
[Round "5.20"]
[White "Skalski, Michal"]
[Black "Ostrowski, Pawel"]
[Result "1-0"]
[WhiteElo "2330"]
[BlackElo "2058"]
[PlyCount "59"]
[EventDate "2007.??.??"]

1. d4 Nf6 2. c4 d6 3. Nf3 h6 4. Nc3 Bf5 5. e3 c6 6. Bd3 Bxd3 7. Qxd3 Nbd7 8.
O-O e5 9. e4 Be7 10. b3 O-O 11. Bb2 Qc7 12. Rac1 a5 13. Rfd1 Rad8 14. a3 Nh5
15. g3 g6 16. Rb1 Bf6 17. d5 Nc5 18. Qc2 Bg7 19. b4 axb4 20. axb4 Na6 21. Ba3
f5 22. Nh4 Qf7 23. dxc6 fxe4 24. Nxe4 g5 25. Ng2 bxc6 26. Nxd6 Qe6 27. b5 c5
28. Nb7 Rxd1+ 29. Rxd1 Nb8 30. Nxc5 1-0

[Event "Mazowiecki Festiwal Szachowy - gr. A"]
[Site "Grodzisk Mazowiecki"]
[Date "2007.07.24"]
[Round "5.21"]
[White "Llaneza Vega, Victor"]
[Black "Sarwinski, Miroslaw"]
[Result "0-1"]
[WhiteElo "2020"]
[BlackElo "2313"]
[PlyCount "52"]
[EventDate "2007.??.??"]

1. e4 e5 2. Nf3 Nc6 3. Bc4 Bc5 4. O-O Nf6 5. Nc3 O-O 6. d3 d6 7. Bg5 h6 8. Bxf6
Qxf6 9. Nd5 Qd8 10. h3 Ne7 11. Nxe7+ Qxe7 12. c3 Bb6 13. Qe2 Bd7 14. Rad1 Rae8
15. Ne1 Kh8 16. Nc2 Qg5 17. Kh1 c6 18. Ne3 g6 19. Rfe1 f5 20. f3 Rf6 21. Bb3
Ref8 22. Nc4 fxe4 23. dxe4 Bc5 24. Qd2 Qh5 25. Nxe5 Bxh3 26. gxh3 dxe5 {Z0} 0-1

[Event "Mazowiecki Festiwal Szachowy - gr. A"]
[Site "Grodzisk Mazowiecki"]
[Date "2007.07.24"]
[Round "5.22"]
[White "Nguyen, Piotr"]
[Black "Janczarski, Michal"]
[Result "1/2-1/2"]
[WhiteElo "2283"]
[BlackElo "2088"]
[PlyCount "92"]
[EventDate "2007.??.??"]

1. e4 c5 2. f4 Nc6 3. Nf3 g6 4. Bb5 Bg7 5. O-O d6 6. Nc3 Bd7 7. Kh1 Nd4 8. Nxd4
cxd4 9. Bxd7+ Qxd7 10. Ne2 Qc6 11. d3 Rc8 12. c3 dxc3 13. bxc3 Nf6 14. Be3 O-O
15. a4 a6 16. Bd4 Rfe8 17. Rb1 e5 18. Bg1 Qc7 19. f5 gxf5 20. Rxf5 d5 21. exd5
Qd7 22. Rf3 Qxd5 23. Qf1 Re6 24. Rb4 Qd7 25. Qb1 Rc7 26. Rh4 Qe7 27. Ng3 Rxc3
28. Nf5 Qc7 29. Rg3 Ne8 30. Qd1 Rg6 31. Qf3 Rc1 32. Rgh3 Nf6 33. Qe3 Nd5 34.
Qe4 Nf6 35. Qb4 Bf8 36. Qd2 Rc2 37. Qd1 Rcxg2 38. Be3 Qc6 39. Rf3 Rb2 40. Rc4
Qd5 41. Rc8 Qd7 42. Nh6+ Kg7 43. Nf5+ Kg8 44. Qc1 Re2 45. Nh6+ Kg7 46. Nf5+ Kg8
1/2-1/2

[Event "Mazowiecki Festiwal Szachowy - gr. A"]
[Site "Grodzisk Mazowiecki"]
[Date "2007.07.24"]
[Round "5.24"]
[White "Szymanski, Marcin"]
[Black "Przezdziecka, Ewa"]
[Result "1-0"]
[WhiteElo "2429"]
[BlackElo "2147"]
[PlyCount "101"]
[EventDate "2007.??.??"]

1. d4 Nf6 2. c4 g6 3. Nc3 d5 4. cxd5 Nxd5 5. Bd2 Bg7 6. e4 Nb6 7. Be3 O-O 8.
Be2 N8d7 9. Nf3 c6 10. a4 a5 11. O-O Nf6 12. h3 Nbd7 13. Qb3 e6 14. Rac1 Qe7
15. Rfd1 Qb4 16. Qa2 b6 17. e5 Nd5 18. Bd2 Qe7 19. Ne4 Nb8 20. Bg5 Qa7 21. Bc4
h6 22. Bd2 Ba6 23. b3 Rd8 24. Qc2 Bf8 25. Nh2 Bxc4 26. bxc4 Nb4 27. Nf6+ Kh8
28. Qe4 Nd7 29. Nfg4 h5 30. Ne3 Bg7 31. Nf3 Nf8 32. Rb1 c5 33. d5 Qd7 34. Ra1
exd5 35. cxd5 b5 36. axb5 Qxb5 37. Bc3 Ra7 38. Nc4 Kg8 39. Ra3 a4 40. Rb1 Qd7
41. Nd6 Rb8 42. Qc4 Rc7 43. Ng5 Qd8 44. Ndxf7 Rxf7 45. Nxf7 Kxf7 46. e6+ Kg8
47. Bxg7 Kxg7 48. Qxc5 Rc8 49. e7 Qxd5 50. exf8=Q+ Rxf8 51. Qxb4 1-0

[Event "Mazowiecki Festiwal Szachowy - gr. A"]
[Site "Grodzisk Mazowiecki"]
[Date "2007.07.24"]
[Round "5.26"]
[White "Przezdziecka, Marta"]
[Black "Matuszewski, Michal"]
[Result "1/2-1/2"]
[WhiteElo "2315"]
[BlackElo "2144"]
[PlyCount "82"]
[EventDate "2007.??.??"]

1. d4 Nf6 2. Nf3 e6 3. Bg5 h6 4. Bh4 Be7 5. e3 O-O 6. Bd3 d6 7. c4 c5 8. Nc3
Nbd7 9. O-O b6 10. Qe2 Bb7 11. Rfd1 a6 12. Rac1 Qc7 13. Bb1 Rac8 14. d5 exd5
15. cxd5 b5 16. Qc2 Qd8 17. a4 b4 18. Ne2 c4 19. Rd4 b3 20. Qd2 Ne5 21. Bg3
Nxf3+ 22. gxf3 Qd7 23. Nc3 Rc5 24. e4 Nh5 25. Qe3 Nxg3 26. fxg3 Bf6 27. Rd2 Re8
28. Qf2 Bd8 29. Kh1 Bb6 30. Qf1 Rcc8 31. Re1 Qd8 32. f4 Ba5 33. Rd4 Qb6 34.
Red1 Qc5 35. Qf3 Bb6 36. R4d2 Qc7 37. h3 Qe7 38. Kh2 Ba5 39. Rd4 Bb6 40. R4d2
Ba5 41. Rd4 Bb6 1/2-1/2

[Event "Mazowiecki Festiwal Szachowy - gr. A"]
[Site "Grodzisk Mazowiecki"]
[Date "2007.07.24"]
[Round "5.27"]
[White "Kludacz, Magdalena"]
[Black "Witek, Tomasz"]
[Result "1-0"]
[WhiteElo "2244"]
[BlackElo "2105"]
[PlyCount "91"]
[EventDate "2007.??.??"]

1. d4 Nf6 2. c4 g6 3. Nc3 Bg7 4. e4 d6 5. f3 c6 6. Bg5 a6 7. Qd2 b5 8. Rc1 Nbd7
9. Nh3 Qa5 10. b3 O-O 11. Nf2 Rb8 12. Be2 bxc4 13. bxc4 c5 14. d5 Rb4 15. O-O
Nb6 16. Nb1 h6 17. a3 Ra4 18. Bxh6 Qxd2 19. Bxd2 Nfd7 20. Nd1 a5 21. Ndc3 Bd4+
22. Kh1 Rxc4 23. Bxc4 Nxc4 24. Bh6 Re8 25. Nb5 Ba6 26. Nc7 Rc8 27. Nxa6 Nce5
28. Rfd1 Nb6 29. Nc3 Bxc3 30. Rxc3 Na4 31. Rb3 c4 32. Rb8 Rxb8 33. Nxb8 c3 34.
Kg1 Nc4 35. Bc1 e5 36. dxe6 fxe6 37. Nc6 e5 38. Ne7+ Kf7 39. Nd5 Ke6 40. Kf1
Nab2 41. Bxb2 cxb2 42. Ke2 Nxa3 43. Nc3 a4 44. Kd3 d5 45. exd5+ Kd6 46. h4 1-0

[Event "Mazowiecki Festiwal Szachowy - gr. A"]
[Site "Grodzisk Mazowiecki"]
[Date "2007.07.24"]
[Round "5.28"]
[White "Krasiewicz, Robert"]
[Black "Moskwinski, Tadeusz"]
[Result "0-1"]
[WhiteElo "2042"]
[BlackElo "2246"]
[PlyCount "170"]
[EventDate "2007.??.??"]

1. d4 f5 2. c4 Nf6 3. Nc3 e6 4. e3 d5 5. Bd3 c6 6. Nge2 Bd6 7. Qc2 O-O 8. f3
Re8 9. Bd2 Nbd7 10. O-O-O b5 11. c5 Bf8 12. g4 fxg4 13. fxg4 e5 14. g5 e4 15.
Bxb5 cxb5 16. gxf6 Nxf6 17. Nxb5 Ba6 18. Qa4 Qc8 19. Nec3 Rb8 20. Nc7 Qxc7 21.
Qxa6 Qd7 22. Rdf1 Re6 23. Qe2 g6 24. Be1 Qb7 25. Bg3 Rc8 26. Bh4 Bg7 27. Rf2 a6
28. Rhf1 Qc6 29. Bg5 Rce8 30. Kb1 Nd7 31. h4 Qb7 32. Ka1 Qc6 33. Bf4 Nf6 34.
Bd6 h5 35. Rf4 Rd8 36. Be5 Rf8 37. Qg2 Kh7 38. Qh3 Bh8 39. Qg3 Bg7 40. Qh3 Bh8
41. Bd6 Rfe8 42. Qg3 Bg7 43. Rg1 Ng4 44. Rf7 Rf6 45. Rxf6 Bxf6 46. Qf4 Kg7 47.
Rf1 Qb7 48. Bc7 Re6 49. Nd1 Qb5 50. Bd8 Qc4 51. Nc3 Rc6 52. Bxf6+ Rxf6 53. Qc7+
Kh6 54. Rxf6 Nxf6 55. Qf4+ Kg7 56. a3 a5 57. Qc7+ Kh6 58. Qf7 Qf1+ 59. Nb1 Qa6
60. Qf8+ Kh7 61. Qd6 Qxd6 62. cxd6 Kg7 63. Nc3 Kf7 64. Ne2 Ke6 65. Nf4+ Kxd6
66. b3 Ng4 67. Ng2 Kc6 68. Kb2 Kb5 69. Kc3 Kc6 70. Kd2 Nh2 71. Ne1 Kb5 72. Ke2
a4 73. b4 Kc4 74. Ng2 Nf3 75. Kf2 Nd2 76. Ne1 Kc3 77. b5 Nc4 78. Ng2 Kb3 79.
Nf4 Nb6 80. Nxg6 Kxa3 81. Nf4 Kb2 82. Nxh5 a3 83. Nf6 a2 84. h5 a1=Q 85. h6 Qh1
0-1

[Event "Mazowiecki Festiwal Szachowy - gr. A"]
[Site "Grodzisk Mazowiecki"]
[Date "2007.07.24"]
[Round "5.29"]
[White "Staroszczyk, Mateusz"]
[Black "Roszkowski, Rafal"]
[Result "0-1"]
[WhiteElo "2050"]
[BlackElo "2114"]
[PlyCount "86"]
[EventDate "2007.??.??"]

1. e4 c5 2. Nc3 Nc6 3. g3 g6 4. Bg2 Bg7 5. d3 d6 6. Be3 e5 7. Qd2 Nge7 8. Bh6
O-O 9. Bxg7 Kxg7 10. h4 h5 11. Nh3 Nd4 12. f4 Bg4 13. O-O f6 14. Kh2 Qa5 15.
Qf2 Rac8 16. Nd5 Nxd5 17. exd5 c4 18. dxc4 Be2 19. Rfe1 Bxc4 20. c3 Nf5 21. Qd2
Rfd8 22. b3 Ba6 23. Rac1 Rc7 24. Qb2 b5 25. fxe5 dxe5 26. Nf2 Nd6 27. Ne4 Qb6
28. Qe2 Nf5 29. d6 Rf7 30. b4 Nxd6 31. Nc5 Nc4 32. Rcd1 Rxd1 33. Rxd1 Bc8 34.
Qd3 Nb2 35. Qd8 Nxd1 36. Qxc8 Qd6 37. Qe8 Re7 38. Qxb5 Ne3 39. Ne4 Ng4+ 40. Kh3
Qe6 41. Nc5 Qf5 42. Qe2 e4 43. Bf1 Ne3+ 0-1

[Event "Mazowiecki Festiwal Szachowy - gr. A"]
[Site "Grodzisk Mazowiecki"]
[Date "2007.07.24"]
[Round "5.30"]
[White "Jensen, Christine"]
[Black "Tokarski, Bartosz"]
[Result "1-0"]
[WhiteElo "2018"]
[BlackElo "2100"]
[PlyCount "61"]
[EventDate "2007.??.??"]

1. d4 Nf6 2. c4 g6 3. f3 Bg7 4. e4 d6 5. Nc3 b6 6. Be3 O-O 7. Qd2 c5 8. d5 Nbd7
9. Bh6 a6 10. Nh3 Ne5 11. Nf2 Bxh6 12. Qxh6 e6 13. a4 exd5 14. cxd5 Bd7 15. Be2
b5 16. O-O b4 17. Ncd1 a5 18. Ne3 Bc8 19. f4 Ned7 20. Neg4 Ba6 21. Rae1 Bxe2
22. Rxe2 Qe7 23. f5 Rae8 24. Re3 Kh8 25. Rh3 Rg8 26. e5 dxe5 27. Ne4 Rg7 28.
Ngxf6 Nxf6 29. d6 Qd8 30. fxg6 Rxg6 31. Qh4 1-0

[Event "Mazowiecki Festiwal Szachowy - gr. A"]
[Site "Grodzisk Mazowiecki"]
[Date "2007.07.24"]
[Round "5.31"]
[White "Sobierska, Wioletta"]
[Black "Soloviova, Liza"]
[Result "1-0"]
[WhiteElo "2012"]
[BlackElo "2098"]
[PlyCount "100"]
[EventDate "2007.??.??"]

1. e4 e5 2. Nf3 Nf6 3. Nxe5 d6 4. Nf3 Nxe4 5. Nc3 Nf6 6. d4 Be7 7. h3 O-O 8.
Bd3 Re8 9. O-O Nbd7 10. Re1 Nf8 11. Bg5 Ne6 12. Be3 c6 13. d5 Nc7 14. dxc6 bxc6
15. Nd4 Bd7 16. Qf3 d5 17. Nb3 Ne6 18. Na4 Qb8 19. Rab1 Qb4 20. Nc3 d4 21. a3
Qd6 22. Ne4 Nxe4 23. Qxe4 f5 24. Qxf5 g6 25. Qg4 dxe3 26. Rxe3 Ng7 27. Qc4+ Be6
28. Qa4 Bf6 29. Na5 Bd5 30. Rbe1 Rxe3 31. Rxe3 Re8 32. Rxe8+ Nxe8 33. Nc4 Qe7
34. Ne3 Bxb2 35. Nxd5 cxd5 36. Qb5 Qe1+ 37. Bf1 Qe5 38. c4 Bxa3 39. c5 Qe7 40.
c6 Qd6 41. Be2 Bc5 42. Bg4 Bb6 43. Bd7 Nc7 44. Qe2 d4 45. Qd3 Kg7 46. h4 Nd5
47. Qc4 Nf6 48. Be6 d3 49. h5 d2 50. h6+ Kf8 1-0

[Event "Mazowiecki Festiwal Szachowy - gr. A"]
[Site "Grodzisk Mazowiecki"]
[Date "2007.07.24"]
[Round "5.32"]
[White "Jedryczka, Krystian"]
[Black "Zurkowski, Andrzej"]
[Result "0-1"]
[WhiteElo "2299"]
[BlackElo "2015"]
[PlyCount "112"]
[EventDate "2007.??.??"]

1. e4 c5 2. Nf3 Nc6 3. d4 cxd4 4. Nxd4 Nf6 5. Nc3 e6 6. Be3 Bb4 7. Bd3 d5 8.
Nxc6 bxc6 9. e5 d4 10. Bd2 Nd7 11. Ne4 Bxd2+ 12. Qxd2 Nxe5 13. Qb4 Qd5 14. O-O
Nxd3 15. cxd3 f5 16. Nd6+ Kd7 17. Nf7 Re8 18. f4 c5 19. Qd2 Ke7 20. Ne5 Bb7 21.
Rf3 Kf8 22. Rg3 Kg8 23. Qe2 Re7 24. Qh5 Rc8 25. Qg5 Rcc7 26. Qf6 Re8 27. Re1
Qd8 28. Qh6 Bd5 29. b3 Rf8 30. Rg5 Rf6 31. Qh5 a5 32. Qe2 a4 33. bxa4 Rb7 34.
Qc2 Qa5 35. Rc1 Rf8 36. h4 Rfb8 37. Kh2 Rc7 38. h5 h6 39. Rg6 Rb4 40. Qf2 Rxa4
41. Rb1 Qa8 42. Qh4 Rxa2 43. Qh3 Kh7 44. Rb6 Rf2 45. Rd6 Qf8 46. Rdxe6 Rxg2+
47. Rxg2 Bxe6 48. Re2 Qf6 49. Qg3 Bf7 50. Qh3 Ra7 51. Kg3 c4 52. dxc4 Ra3+ 53.
Nf3 Bxc4 54. Re5 Bd3 55. Kf2 Ra2+ 56. Kg3 Be4 0-1

[Event "Mazowiecki Festiwal Szachowy - gr. A"]
[Site "Grodzisk Mazowiecki"]
[Date "2007.07.24"]
[Round "5.34"]
[White "Llaneza Vega, Juan Alberto"]
[Black "Brudzinski, Maciej"]
[Result "0-1"]
[WhiteElo "2012"]
[BlackElo "2114"]
[PlyCount "140"]
[EventDate "2007.??.??"]

1. e4 c5 2. Nf3 Nf6 3. Nc3 e6 4. d4 cxd4 5. Nxd4 a6 6. Be3 Bb4 7. Bd3 Nc6 8.
O-O d5 9. exd5 exd5 10. Nxc6 bxc6 11. Bg5 h6 12. Bh4 O-O 13. Ne2 Bc5 14. c3 Bg4
15. Qa4 g5 16. Bg3 Qb6 17. b4 Be7 18. Nd4 c5 19. Nc6 Rfe8 20. bxc5 Qxc5 21. Be5
Bd7 22. Nxe7+ Qxe7 23. Bxf6 Bxa4 24. Bxe7 Rxe7 25. Rfe1 Rxe1+ 26. Rxe1 Bb5 27.
Rd1 Ba4 28. Rd2 Rb8 29. f3 Rb6 30. Kf2 Rc6 31. Ke3 Rxc3 32. Kd4 Ra3 33. Kxd5
Bd7 34. Kc5 a5 35. Bc4 Bf5 36. Bb3 Kg7 37. Rd6 Bb1 38. Rd7 Bxa2 39. Rxf7+ Kg6
40. Bxa2 Rxa2 41. Ra7 Rxg2 42. Rxa5 Rxh2 43. Kd4 Re2 44. Kd3 Re6 45. Ra1 Kf5
46. Rh1 Kf4 47. Rh3 Rd6+ 48. Ke2 Ra6 49. Kf2 Ra2+ 50. Kf1 Ra6 51. Kf2 Kf5 52.
Kg3 Kg6 53. Rh1 h5 54. Rf1 Ra3 55. Rf2 Kf5 56. Kg2 Kf4 57. Rf1 Ra2+ 58. Kh1 Rb2
59. Kg1 Kg3 60. Kh1 Rf2 61. Ra1 Rxf3 62. Kg1 Rb3 63. Kh1 Kh3 64. Kg1 g4 65. Rc1
g3 66. Rd1 Rb4 67. Ra1 Kg4 68. Kh1 h4 69. Rc1 h3 70. Ra1 h2 0-1